Angels and Demons

Bibliographic Details
Main Author: Brown, Dan
Format: Book
Published: London : Transworld Publishers , 2005
Subjects:

MARC

LEADER 00000cam a2200000 7i4500
001 0000007809
005 20080114.0
008 070906
020 |a 0552150738 
090 0 0 |a BRO   |b ENG 
100 1 |a Brown, Dan 
245 1 0 |a Angels and Demons   |c Dan Brown 
260 |a London :   |b Transworld Publishers ,   |c 2005 
650 0 |a English fiction 
650 0 |a Novel 
999 |a 0000991489   |b Book   |c Adult Collection   |e Perbadanan Perpustakaan Awam Johor 
999 |a 0000991490   |b Book   |c Adult Collection   |e Perbadanan Perpustakaan Awam Johor 
999 |a 0000992430   |b Book   |c Adult Collection   |e Perbadanan Perpustakaan Awam Johor 
999 |a 0000992431   |b Book   |c Adult Collection   |e Perbadanan Perpustakaan Awam Johor